00445nmm a2200157Ia 4500008004100000020001800041041000800059100003100067245002400098264005000122300001800172650002200190856005100212942000700263999001700270251105s9999||||xx |||||||||||||||||und|| a9788415681526 aspa aZapatero Ballesteros, Juan 0aFrescor de juventud a[Madrid, España] :bCarena Editores, c2013 a280 páginas aSpanish narrative uhttps://public.digitaliapublishing.com/a/23501 cCF c76941d76941